000 00633nam a22002177a 4500
003 UA-OsUOA
001 107811
007 ta
008 20140912b un ||||| |||| 00| 0 ukr d
100 _aКлименко О.В.
090 _a330(477)
_bК49
942 _cSA
040 _aUA-OsUOA
_bukr
_cUA-OsUOA
_dUA-OsUOA
245 _aРозвиток ситсеми регулювання ринків небанкіських фінансових послуг в Україні
300 _aС.58-70
955 _a0
041 _aukr
080 _a330(477)
773 0 _w107810
650 7 _a330 Економіка взагалі
_2UDC
999 _c393885
_d393885